Loading...
| Philosophy | 1 | 2 | 0 | 0 | 35 | 66 | 87.67 | 2 | 3 |
| Social Science | 0 | 3 | 1 | 0 | 25 | 89 | 108.00 | 2 | 3 |
| Fine Arts - Auditory Fine Arts | 1 | 1 | 0 | 1 | 25 | 62 | 100.50 | 1 | 2 |
| History - American History | 0 | 3 | 1 | 0 | 25 | 87 | 98.67 | 0 | 3 |
| History - World History | 0 | 1 | 0 | 0 | 10 | 127 | 127.00 | 0 | 1 |
| Literature - British Literature | 0 | 1 | 0 | 1 | 10 | 149 | 149.00 | 0 | 1 |
| Beliefs | 0 | 1 | 0 | 0 | 10 | 142 | 142.00 | 0 | 1 |
| British and Commonwealth History | 0 | 1 | 0 | 0 | 10 | 120 | 120.00 | 0 | 1 |
| Geography | 0 | 1 | 0 | 0 | 10 | 74 | 74.00 | 1 | 1 |
| History - European History | 0 | 1 | 0 | 1 | 10 | 133 | 133.00 | 0 | 1 |
| Other Academic | 0 | 1 | 0 | 1 | 10 | 136 | 136.00 | 1 | 1 |
| Other Arts: Visual | 0 | 1 | 0 | 0 | 10 | 126 | 126.00 | 0 | 1 |
| Other Science: Math | 0 | 1 | 0 | 0 | 10 | 127 | 127.00 | 0 | 1 |
| Science - Chemistry | 0 | 1 | 0 | 1 | 10 | 117 | 117.00 | 0 | 1 |
| Literature - European Literature | 0 | 0 | 0 | 0 | 0 | 0.00 | 0 | 0 | |
| World and Other Literature | 0 | 0 | 0 | 0 | 0 | 0.00 | 0 | 0 | |
| Science - Physics | 0 | 0 | 0 | 0 | 0 | 0.00 | 0 | 0 | |
| Fine Arts - Visual Fine Arts | 0 | 0 | 0 | 0 | 0 | 0.00 | 0 | 0 | |
| Literature - American Literature | 0 | 0 | 1 | 0 | -5 | 0.00 | 0 | 0 |